LEADER 03567nam 22006492 450 001 9910458053003321 005 20151005020622.0 010 $a1-139-09723-7 010 $a1-107-22593-0 010 $a1-283-34168-9 010 $a1-139-10303-2 010 $a9786613341686 010 $a1-139-10057-2 010 $a1-139-10123-4 010 $a1-139-09854-3 010 $a0-511-97731-X 010 $a1-139-09921-3 035 $a(CKB)2550000000055698 035 $a(EBL)803017 035 $a(OCoLC)769342104 035 $a(SSID)ssj0000536961 035 $a(PQKBManifestationID)11351352 035 $a(PQKBTitleCode)TC0000536961 035 $a(PQKBWorkID)10553067 035 $a(PQKB)10123188 035 $a(UkCbUP)CR9780511977312 035 $a(MiAaPQ)EBC803017 035 $a(Au-PeEL)EBL803017 035 $a(CaPaEBR)ebr10502835 035 $a(CaONFJC)MIL334168 035 $a(EXLCZ)992550000000055698 100 $a20101013d2011|||| uy| 0 101 0 $aeng 135 $aur||||||||||| 181 $ctxt$2rdacontent 182 $cc$2rdamedia 183 $acr$2rdacarrier 200 10$aFundamentals of Polymer-Clay Nanocomposites /$fGary W. Beall and Clois E. Powell$b[electronic resource] 210 1$aCambridge :$cCambridge University Press,$d2011. 215 $a1 online resource (vii, 185 pages) $cdigital, PDF file(s) 300 $aTitle from publisher's bibliographic system (viewed on 05 Oct 2015). 311 $a0-521-87643-5 327 $a1. Introduction -- 2. Thermodynamics and kinetics of polymer-clay nanocomposites -- 3. Analytical methods in nanocomposites; 4. Gas diffusion characteristics of polymer-clay nanocomposites -- 5. Engineering properties of polymer-clay nanocomposites theory and theory validation -- 6. Variables associated with polymer-clay processing in relation to reinforcement theory -- 7. The effect of polymer type specificity to the production of polymer-clay nanocomposites -- 8. Flame retardancy. 330 $aWritten for graduate students, researchers, and practitioners, this book provides a complete introduction to the science, engineering, and commercial applications of polymer-clay nanocomposites. Starting with a discussion of general concepts, the authors define specific terms used in the field, providing newcomers with a strong foundation to the area. The physical and mechanical properties of polymer-clay nanocomposites are then described, with chapters on thermodynamics and kinetics, engineering properties, barrier properties, and flame retardancy. Mechanisms underpinning observed effects, such as UV resistance, solvent resistance, and hardness, are also explained. In-depth discussions of clay and clay surface treatment, fabrication, and characterization of nanocomposites are provided, and particular emphasis is placed on the proper use and interpretation of analytical techniques, helping readers to avoid artifacts in their own work. With commercial applications discussed throughout, and experimental results connected with theory, this is an ideal reference for those working in polymer science. 606 $aNanocomposites (Materials) 606 $aPolymer clay 615 0$aNanocomposites (Materials) 615 0$aPolymer clay. 676 $a620.1/92 700 $aBeall$b G. W$g(Gary W.),$0283662 702 $aPowell$b Clois E$g(Clois Elbert),$f1944- 801 0$bUkCbUP 801 1$bUkCbUP 906 $aBOOK 912 $a9910458053003321 996 $aFundamentals of Polymer-Clay Nanocomposites$92472840 997 $aUNINA LEADER 03113nam 2200649 a 450 001 9910140618803321 005 20170809153527.0 010 $a1-282-54797-6 010 $a9786612547973 010 $a0-470-63989-X 010 $a1-118-26933-0 010 $a0-470-63991-1 035 $a(CKB)2670000000009606 035 $a(EBL)487686 035 $a(OCoLC)607553799 035 $a(SSID)ssj0000357354 035 $a(PQKBManifestationID)11238943 035 $a(PQKBTitleCode)TC0000357354 035 $a(PQKBWorkID)10352156 035 $a(PQKB)10193156 035 $a(MiAaPQ)EBC487686 035 $a(EXLCZ)992670000000009606 100 $a20090420d2009 uy 0 101 0 $aeng 135 $aur|n|---||||| 181 $ctxt 182 $cc 183 $acr 200 00$aBreakthroughs in literacy$b[electronic resource] $eteacher success stories and strategies, grades K-8 /$fSusan E. Israel and contributors 205 $a1st ed. 210 $aSan Francisco $cJossey-Bass$dc2009 215 $a1 online resource (239 p.) 225 1 $aJossey-Bass teacher 300 $aDescription based upon print version of record. 311 $a0-470-37182-X 320 $aIncludes bibliographical references and index. 327 $aBreakthroughs in Literacy: Teacher Success Stories and Strategies, Grades K-8; Jossey-Bass Teacher; Contents; Introduction: Why Teacher Stories?; Acknowledgments; The Author and Editor; The Contributors; Part One: Connection: Knowing the Learner; Part Two: Motivation: The Right Book Can Make a Difference; Part Three: Engagement: Multisensory Experiences; Part Four: Transformation: Learning Together; Part Five: Conclusion; References; Index 330 $aTeachers share advice on creating successful literacy classrooms for all students, including those who struggle This much-needed resource is filled with lively and inspiring stories from teachers who overcame challenges with underperforming and struggling learners-many of them special needs students-to make significant breakthroughs in reading and writing instruction. The teachers reveal their trials, errors, and triumphs in how they discovered particular instructional strategies or incorporated modeling and motivational techniques that best addressed students' learning needs and open 410 0$aJossey-Bass teacher. 606 $aLanguage arts (Elementary)$xCurricula 606 $aLanguage arts (Middle school)$xCurricula 606 $aLiteracy$xStudy and teaching (Elementary)$zUnited States 606 $aLiteracy$xStudy and teaching (Secondary)$zUnited States 608 $aElectronic books. 615 0$aLanguage arts (Elementary)$xCurricula. 615 0$aLanguage arts (Middle school)$xCurricula. 615 0$aLiteracy$xStudy and teaching (Elementary) 615 0$aLiteracy$xStudy and teaching (Secondary) 676 $a372.6044 701 $aIsrael$b Susan E$0894296 801 0$bMiAaPQ 801 1$bMiAaPQ 801 2$bMiAaPQ 906 $aBOOK 912 $a9910140618803321 996 $aBreakthroughs in literacy$92069186 997 $aUNINA